|
|
|
|
| LEADER |
00000nab a2200000 a 4500 |
| 001 |
vtls000631434 |
| 003 |
SK-MaSNL |
| 005 |
20260303195302.0 |
| 008 |
160401c1996 xo 0 slo |
| 015 |
|
|
|a SNBRB19rr/mm-uuuuu
|
| 035 |
|
|
|a CL0631573
|
| 040 |
|
|
|a SNKBUCL
|b slo
|c SNKBUCL
|e AACR2
|
| 041 |
0 |
|
|a slo
|
| 044 |
|
|
|a xo
|c SK
|
| 080 |
|
|
|a 368.43(437.6):368.372(437.6)
|2 1981
|
| 080 |
|
|
|a 368.372(437.6)
|2 1981
|
| 080 |
|
|
|a 362.62(437.6)
|2 1981
|
| 100 |
1 |
|
|a Lubyová, Martina,
|d 1967-2023
|4 aut
|9 213103
|
| 245 |
1 |
0 |
|a Systém dôchodkového zabezpečenia v Slovenskej republike
|c Martina Lubyová
|
| 500 |
|
|
|a Začiatok
|
| 650 |
0 |
7 |
|a dôchodkové zabezpečenie
|2 snkbucl
|9 29237
|
| 655 |
|
7 |
|a články z novín a časopisov
|2 snkbucl
|9 267496
|
| 773 |
0 |
|
|t Trend
|g Č. 43 (1996), s. 25A-26A
|
| 850 |
|
|
|a Slovenská národná knižnica v Martine
|a MTA001
|
| 852 |
|
|
|a SNK
|b KIS3GCP
|
| 958 |
|
|
|a NX
|
| 958 |
|
|
|a SK
|
| 958 |
|
|
|a RK
|
| 958 |
|
|
|a RBX
|
| 999 |
|
|
|c 2161789
|d 2163719
|